[Event "Gurgon op 1st"]
[Site "Gurgon"]
[Date "2009.01.21"]
[Round "1"]
[White "Adhiban, Baskaran"]
[Black "Avinash, Sharma"]
[Result "1-0"]
[WhiteElo "2504"]
[BlackElo "1943"]
[PlyCount "49"]
[EventDate "2009.01.21"]
[EventType "swiss"]
[EventRounds "10"]
[EventCountry "IND"]
[SourceTitle "CBM 128 Extra"]
[Source "ChessBase"]
[SourceDate "2009.03.05"]
[SourceVersion "2"]
[SourceVersionDate "2009.03.25"]
[SourceQuality "1"]

1. e4 e5 2. Nf3 Nc6 3. Bb5 a6 4. Ba4 Nf6 5. d3 Bc5 6. 0-0 b5 7. Bb3 d6 8. Be3 Bg4 9. c3 Bxe3 10. fxe3 0-0 11. Nbd2 Na5 12. Bc2 c5 13. Qe1 Kh8 14. Qh4 Bh5 15. Rf2 b4 16. d4 Qc7 17. cxb4 cxd4 18. exd4 Qxc2 19. bxa5 exd4 20. Nxd4 Qc5 21. N2b3 Qe5 22. Rf5 Qe8 23. Rxf6 gxf6 24. Qxf6+ Kg8 25. Nf5 1-0